000
00307nam a22001457a 4500
008
230419b ||||| |||| 00| 0 eng d
020
_a
9780060958701
041
_a
eng
080
_a
159.9
082
_a
159.9HEI
100
_a
25
101
_a
PSI
245
_a
WHY WE RUN
_c
HEINRICH.B
942
_2
udc
_c
BK
999
_c
59604
_d
59604